000 01912nam a2200253Ia 4500
003 Ost
005 20260416102352.0
008 260416s9999||||xx |||||||||||||| ||und||
040 _cfsecg
041 _aara
082 _a330
100 _aبوعزارة، أحلام
_eمؤلف
245 0 _aالإقتصاد الجزائري /
_c أحلام بوعزارة
260 _aالجزائر
_bجامعة الجزائر3: كلية العلوم الإقتصادية، العلوم التجارية وعلوم التسيير
_c2017
300 _a137 ورقة
_bايضاحات
_c30 سم
504 _aمراجع ص.128
520 _aتطور الأوضاع الاقتصادية والاجتماعية في مرحلة الاستعمار الفرنسي، واقع الاقتصاد الجزائري خلال المرحلة الانتقالية 1962-1966، السياسة الاقتصادية للجزائر من خلال فترة المخططات التنموية (1967-1977) المخططات المركزية، الاصلاحات الذاتية في الاقتصاد الجزائري خلال الثمانينات (التخطيط اللامركزي 1980-1989- الأزمة الاقتصادية 1986 وآثارها على الاقتصاد الجزائري، الجزائر وصندوق النقد الدولي، برنامج الانعاش الاقتصادي ودعم النمو، برنامج التنمية الخماسي 2010-2014، انضمام الجزائر للمنظمة العالمية للتجارة، الشراكة الأوروجزائرية.
653 _aالازمات الاقتصادية
653 _aالاقتصاد
653 _aالاقتصاد-الجزائر
653 _aالتجارة الخارجية
710 _aجامعة الجزائر3: كلية العلوم الإقتصادية، العلوم التجارية وعلوم التسيير
_eناشر علمي
942 _cHANDOUT
999 _c41063
_d41063